<?xml version="1.0" encoding="UTF-8"?><?xml-stylesheet type="text/xsl" href="static/style.xsl"?><OAI-PMH xmlns="http://www.openarchives.org/OAI/2.0/" xmlns:xsi="http://www.w3.org/2001/XMLSchema-instance" xsi:schemaLocation="http://www.openarchives.org/OAI/2.0/ http://www.openarchives.org/OAI/2.0/OAI-PMH.xsd"><responseDate>2026-04-19T11:37:47Z</responseDate><request verb="GetRecord" identifier="oai:www.recercat.cat:2099.1/26056" metadataPrefix="marc">https://recercat.cat/oai/request</request><GetRecord><record><header><identifier>oai:recercat.cat:2099.1/26056</identifier><datestamp>2025-07-23T07:07:14Z</datestamp><setSpec>com_2072_1033</setSpec><setSpec>col_2072_452951</setSpec></header><metadata><record xmlns="http://www.loc.gov/MARC21/slim" xmlns:dcterms="http://purl.org/dc/terms/" xmlns:xsi="http://www.w3.org/2001/XMLSchema-instance" xmlns:doc="http://www.lyncode.com/xoai" xsi:schemaLocation="http://www.loc.gov/MARC21/slim http://www.loc.gov/standards/marcxml/schema/MARC21slim.xsd">
   <leader>00925njm 22002777a 4500</leader>
   <datafield ind2=" " ind1=" " tag="042">
      <subfield code="a">dc</subfield>
   </datafield>
   <datafield ind2=" " ind1=" " tag="720">
      <subfield code="a">López Molina, Manuel</subfield>
      <subfield code="e">author</subfield>
   </datafield>
   <datafield ind2=" " ind1=" " tag="260">
      <subfield code="c">2013-06-28</subfield>
   </datafield>
   <datafield ind2=" " ind1=" " tag="520">
      <subfield code="a">Nanopartícula es aquella que cuenta con una o más dimensiones en el rango de 0,1&#xd;
milésimas de milímetro (100 nanometros) o menos. Actualmente existe una gran&#xd;
variedad de nanopartículas que están siendo utilizadas para la obtención de&#xd;
materiales con nuevas aplicaciones. El objetivo de la siguiente propuesta es&#xd;
realizar un estado del arte de las distintas partículas de tamaño nano que se&#xd;
utilizan en construcción y del análisis de la existencia de residuos nano y su posible&#xd;
uso en construcción analizando la viabilidad de valorización.&#xd;
Existe una parte experimental en la que se fabrican materiales de base cemento&#xd;
con adiciones de nanopartículas de TiO2 y de Carbono. Estas pastas de cemento se&#xd;
someten a ensayos de lixiviación, y se analizan mediante Espectrometría IR,&#xd;
Ultravioleta visible y Difracción de RX con el fin de estudiar su comportamiento&#xd;
durable.</subfield>
   </datafield>
   <datafield tag="653" ind2=" " ind1=" ">
      <subfield code="a">Àrees temàtiques de la UPC::Enginyeria civil::Materials i estructures</subfield>
   </datafield>
   <datafield tag="653" ind2=" " ind1=" ">
      <subfield code="a">Materials de construcció -- Aspectes ambientals</subfield>
   </datafield>
   <datafield tag="653" ind2=" " ind1=" ">
      <subfield code="a">Materials de construcció -- Aspectes ambientals</subfield>
   </datafield>
   <datafield ind2="0" ind1="0" tag="245">
      <subfield code="a">Nanopartículas y sus residuos. Incorporación en materiales de construcción</subfield>
   </datafield>
</record></metadata></record></GetRecord></OAI-PMH>